ბათუმის შოთა რუსთაველის სახელმწიფო უნივერსიტეტის ბიბლიოთეკა

ახალი ქართული ლიტერატურის ფუძემდებელნი : (ბიბ.ჩანაწერი № 55832)

000 -ლიდერი
ფიქსირებული სიგრძის საკონტროლო ველი 01636nam a2200289Ia 4500
001 - საკონტროლო ნომერი
საკონტროლო ველი 22929
003 - საკონტროლო ნომრის იდენტიფიკატორი
საკონტროლო ველი GE_BSU
005 - ბოლო ოპერაციის თარიღი და დრო
საკონტროლო ველი 20230601160147.0
008 - ფიქსირებული სიგრძის მონაცემთა ელემენტები - ზოგადი ინფორმაცია
ფიქსირებული სიგრძის საკონტროლო ველი 181216s ||||ge |||||||||||||| ||geo||
040 ## - კატალოგიზაციის წყარო
Transcribing agency GE_BSU
041 ## - ენის კოდი
Language code of text/sound track or separate title geo
080 ## - უნივერსალური ათობითი კლასიფიკაციის ინდექსი
Universal Decimal Classification number 821.353.1.092 ი-54
100 ## - მთავარი ჩანაწერი - პიროვნების სახელი
Personal name ინგოროყვა, პავლე
9 (RLIN) 1192
245 ## - ცნობა სათაურის შესახებ
Title ახალი ქართული ლიტერატურის ფუძემდებელნი :
Remainder of title ნიკოლოზ ბარათაშვილი. ილია ჭავჭავაძე. აკაკი წერეთელი /
Statement of responsibility, etc პავლე ინგოროყვა ; რედ. ნ. ინასარიძე ; მხატვ. ლ. გრიგოლია.
264 ## - წარმოების, გამოცემის, დისტრიბუციის და სხვა ცნობები
გამოცემის, წარმოების, დისტრიბუციის... ადგილი თბილისი :
გამოცემის, წარმოების, დისტრიბუციის... სახელწოდება საბჭოთა საქართველო,
გამოცემის, წარმოების, დისტრიბუციის... თარიღი 1975.
300 ## - ფიზიკური აღწერა
Extent 375 გვ. ;
Dimensions 22 სმ.
653 ## - INDEX TERM--UNCONTROLLED
Uncontrolled term ახალი ქართული ლიტერატურის ფუძემდებელნი
653 ## - INDEX TERM--UNCONTROLLED
Uncontrolled term ნიკოლოზ ბარათაშვილი
653 ## - INDEX TERM--UNCONTROLLED
Uncontrolled term ილია ჭავჭავაძე
653 ## - INDEX TERM--UNCONTROLLED
Uncontrolled term აკაკი წერეთელი
653 ## - INDEX TERM--UNCONTROLLED
Uncontrolled term ლიტერატურის ისტორია და კრიტიკა -- ქართული ლიტერატურა.
653 ## - INDEX TERM--UNCONTROLLED
Uncontrolled term ქართული ლიტერატურა
700 ## - ADDED ENTRY--PERSONAL NAME
Personal name ინასარიძე, ნ.
Relator term რედაქტორი
9 (RLIN) 1193
700 ## - ADDED ENTRY--PERSONAL NAME
Personal name გრიგოლია, ლ.
Relator term მხატვარი
9 (RLIN) 18397
942 ## - ADDED ENTRY ELEMENTS (KOHA)
Koha item type წიგნი
Source of classification or shelving scheme
ეგზემპლარები
ჩამოწერის სტატუსი დაკარგული ეგზემპლარის სტატუსი კლასიფიკაციის წყარო ან თაროზე გაწყობის სქემა დაზიანების სტატუსი არ გაიცემა მუდმივი მდებარეობა (დაცვის ადგილი) ამჟამინდელი ადგილსამყოფელი თაროზე განთავსების ადგილი შეძენის თარიღი ღირებულება, შესყიდვის ნორმალური ფასი სრული შენახვის შიფრი შტრიხკოდი ბოლო ოპერაციის თარიღი ეგზემპლარის მიმდევრობითი ნომერი (კეტერი?) ფასის ძალაში შესვლის თარიღი ეგზემპლარის სახეობა საჯარო შენიშვნა
          ბათუმის შოთა რუსთაველის სახელმწიფო უნივერსიტეტის მთავარი ბიბლიოთეკა ბათუმის შოთა რუსთაველის სახელმწიფო უნივერსიტეტის მთავარი ბიბლიოთეკა წიგნსაცავი 2018-12-17 2.20 821.353.1.092 ი-54 58355 2018-12-17 58355 2018-12-17 წიგნი 2.20 ₾.